[Event "Estonian ch "]
[Site "Puhajarve"]
[Date "2001.08.08"]
[Round "1"]
[White "Kiik, Kalle"]
[Black "Ehlvest, Jaan"]
[Result "1/2-1/2"]
[WhiteElo "2449"]
[BlackElo "2627"]
[PlyCount "38"]
[EventDate "2001.08.08"]

1. e4 e6 2. d4 d5 3. e5 c5 4. c3 Nc6 5. Nf3 Bd7 6. a3 Nge7 7. Bd3 cxd4 8. cxd4
Nf5 9. Bxf5 exf5 10. Nc3 Be6 11. h4 h6 12. Ne2 g6 13. b4 Qb6 14. Rb1 Be7 15.
Be3 Rc8 16. O-O Kf8 17. Qd2 Kg7 18. Nf4 Qd8 19. g3 Qd7 1/2-1/2

[Event "Estonian ch "]
[Site "Puhajarve"]
[Date "2001.08.08"]
[Round "1"]
[White "Sepp, Olav"]
[Black "Kanep, Meelis"]
[Result "1/2-1/2"]
[WhiteElo "2442"]
[BlackElo "2318"]
[PlyCount "138"]
[EventDate "2001.08.08"]

1. Nf3 c5 2. g3 d5 3. Bg2 Nc6 4. O-O Nf6 5. d3 e5 6. Na3 Be7 7. e4 O-O 8. c3
Be6 9. Ng5 Bg4 10. Qe1 dxe4 11. dxe4 c4 12. b3 h6 13. h3 hxg5 14. hxg4 cxb3 15.
axb3 Nxg4 16. Qe2 Nh6 17. Rd1 Qc8 18. Nc4 Qe6 19. b4 b5 20. Ne3 a5 21. Nd5 Rac8
22. Qxb5 axb4 23. Ra6 Bf6 24. Nxb4 Qb3 25. Qd5 Qxd5 26. Nxd5 Kh7 27. Bh3 g4 28.
Nxf6+ gxf6 29. Bxh6 Kxh6 30. Bxg4 Rc7 31. Rd3 Kg5 32. Bd1 f5 33. exf5 Kxf5 34.
Kg2 Kg5 35. Rb6 f6 36. Ba4 Ne7 37. Rbd6 Rfc8 38. Bd7 e4 39. R3d4 Rd8 40. c4 f5
41. Bb5 Rxd6 42. Rxd6 Ng6 43. Rd5 Kf6 44. Rd6+ Kg5 45. Re6 Rc5 46. Rc6 Re5 47.
Rd6 Ne7 48. f4+ exf3+ 49. Kxf3 Ng6 50. Rd1 Re4 51. c5 Ne5+ 52. Kg2 Rb4 53. Be2
Rb2 54. Kf1 Rc2 55. Rd5 Ng4 56. Ke1 Ne3 57. Re5 Ng4 58. Rxf5+ Kxf5 59. Bd3+ Ke5
60. Bxc2 Kd5 61. Ke2 Kxc5 62. Kf3 Nf6 63. Kf4 Kd6 64. Kf5 Ke7 65. Bb3 Nd7 66.
g4 Kf8 67. Be6 Nc5 68. Bc8 Kg7 69. Ke5 Nd3+ 1/2-1/2

[Event "Estonian ch "]
[Site "Puhajarve"]
[Date "2001.08.08"]
[Round "1"]
[White "Kveinys, Aloyzas"]
[Black "Kulaots, Kaido"]
[Result "1/2-1/2"]
[WhiteElo "2535"]
[BlackElo "2529"]
[PlyCount "20"]
[EventDate "2001.08.08"]

1. e4 c5 2. Nf3 d6 3. d4 cxd4 4. Nxd4 Nf6 5. Nc3 a6 6. h3 e6 7. g4 d5 8. Bg2
dxe4 9. Nxe4 Nxe4 10. Bxe4 Nd7 1/2-1/2

[Event "Estonian ch "]
[Site "Puhajarve"]
[Date "2001.08.08"]
[Round "1"]
[White "Narva, Jaan"]
[Black "Seeman, Tarvo"]
[Result "0-1"]
[WhiteElo "2313"]
[BlackElo "2440"]
[PlyCount "86"]
[EventDate "2001.08.08"]

1. d4 Nf6 2. c4 g6 3. Nc3 Bg7 4. Nf3 O-O 5. g3 d6 6. Bg2 Nbd7 7. O-O e5 8. e4
exd4 9. Nxd4 Nc5 10. h3 Re8 11. Re1 h6 12. Rb1 a5 13. Ndb5 Bd7 14. g4 h5 15. f3
hxg4 16. hxg4 Be6 17. Bf1 Nfd7 18. Be3 Ne5 19. b3 c6 20. Nd4 Bd7 21. Rb2 a4 22.
b4 Ne6 23. Rd2 Qh4 24. Kg2 Nxd4 25. Bf2 Nexf3 26. Bxh4 Nxh4+ 27. Kh3 Nhf3 28.
Rd3 Nxe1 29. Qxe1 Be5 30. Ne2 Nxe2 31. Bxe2 Be6 32. Qc1 Kg7 33. Kg2 Rh8 34. Rh3
Rxh3 35. Kxh3 Rh8+ 36. Kg2 Rh2+ 37. Kf3 Rh3+ 38. Kf2 Rc3 39. Qd1 Ra3 40. Qc2 b5
41. cxb5 cxb5 42. Qc6 Rxa2 43. Kf3 Rxe2 0-1

[Event "Estonian ch "]
[Site "Puhajarve"]
[Date "2001.08.09"]
[Round "2"]
[White "Kulaots, Kaido"]
[Black "Narva, Jaan"]
[Result "1-0"]
[WhiteElo "2529"]
[BlackElo "2313"]
[PlyCount "95"]
[EventDate "2001.08.08"]

1. d4 d5 2. c4 c6 3. Nf3 Nf6 4. e3 g6 5. Bd3 Bg7 6. O-O O-O 7. Qc2 dxc4 8. Bxc4
Bf5 9. Qe2 b5 10. Bb3 Nbd7 11. Nc3 Nb6 12. e4 Bg4 13. e5 Nfd5 14. Ne4 a5 15. a3
a4 16. Ba2 f6 17. exf6 exf6 18. h3 Be6 19. Nc5 Bf7 20. Bd2 Re8 21. Qd3 Bf8 22.
Rfc1 Kg7 23. Qf1 Ra7 24. Rc2 Bd6 25. Qc1 Ne7 26. Bh6+ Kg8 27. Ne4 Nf5 28. Bxf7+
Rxf7 29. Nxd6 Nxd6 30. Rxc6 Nbc4 31. Bf4 Ne4 32. Qc2 g5 33. Bh2 Qd5 34. Rc7
Rxc7 35. Bxc7 h5 36. Re1 Kg7 37. Be5 Ncd6 38. Bxd6 Nxd6 39. Rxe8 Nxe8 40. Qc5
Qd7 41. d5 Kf7 42. Nd4 Nd6 43. Qc2 Ke8 44. Qe2+ Kd8 45. Qxh5 Ne4 46. Ne6+ Kc8
47. Qh8+ Kb7 48. f3 1-0

[Event "Estonian ch "]
[Site "Puhajarve"]
[Date "2001.08.09"]
[Round "2"]
[White "Kanep, Meelis"]
[Black "Kveinys, Aloyzas"]
[Result "1/2-1/2"]
[WhiteElo "2318"]
[BlackElo "2535"]
[PlyCount "73"]
[EventDate "2001.08.08"]

1. d4 Nf6 2. Bg5 d5 3. Bxf6 exf6 4. e3 Bd6 5. g3 O-O 6. Bg2 c6 7. Ne2 f5 8. O-O
Nd7 9. Nf4 Nf6 10. c4 dxc4 11. Nd2 Qe7 12. Nxc4 Bc7 13. Qc2 h5 14. h4 g6 15.
Rfe1 Re8 16. Nd3 Be6 17. Nc5 Bd5 18. Bxd5 cxd5 19. Nd2 Rac8 20. Qa4 f4 21. exf4
Qxe1+ 22. Rxe1 Rxe1+ 23. Kg2 Bb6 24. Nd3 Re7 25. Ne5 Rec7 26. Ndf3 Rc2 27. Qa3
R8c7 28. f5 Ne4 29. fxg6 Rxf2+ 30. Kh3 fxg6 31. Qb3 (31. Nxg6 Rc1 32. Qf8+ Kh7
33. Qh8+ Kxg6 34. Ne5+ Kf5 35. Qh7+ Ke6 36. Qd7+ Kf6 37. Qf7#) 31... Re2 32.
Qxd5+ Kg7 33. Qe6 Nf2+ 34. Kg2 Ng4+ 35. Kh3 Nf2+ 36. Kg2 Ng4+ 37. Kh3 1/2-1/2

[Event "Estonian ch "]
[Site "Puhajarve"]
[Date "2001.08.09"]
[Round "2"]
[White "Kengis, Edvins"]
[Black "Kiik, Kalle"]
[Result "1-0"]
[WhiteElo "2572"]
[BlackElo "2449"]
[PlyCount "93"]
[EventDate "2001.08.08"]

1. Nf3 c5 2. c4 g6 3. d4 cxd4 4. Nxd4 Bg7 5. e4 Nc6 6. Be3 Nf6 7. Nc3 O-O 8.
Be2 b6 9. O-O Bb7 10. f3 Qb8 11. Qd2 Rd8 12. Rad1 d6 13. Kh1 Rd7 14. Nb3 Qf8
15. f4 Rad8 16. Bf3 e6 17. Qf2 Ne8 18. Rd2 Bxc3 19. bxc3 Ba6 20. Rfd1 Bxc4 21.
Nd4 Nxd4 22. Rxd4 d5 23. exd5 exd5 24. f5 Nd6 25. fxg6 hxg6 26. Bg5 f6 27. Bxf6
Nf5 28. Bxd8 Nxd4 29. Rxd4 Rxd8 30. h4 Qf5 31. Qg3 Rf8 32. Kh2 Kg7 33. a3 Rf6
34. Rg4 Bd3 35. Rg5 Qf4 36. Rxd5 Qxg3+ 37. Kxg3 Bf5 38. Rd4 Rf7 39. Bd5 Rc7 40.
c4 Rc5 41. Kf4 Ra5 42. g4 Bc2 43. Rd2 Bb1 44. Rb2 Bd3 45. Rb3 Bf1 46. Re3 Kf8
47. Kg3 1-0

[Event "Estonian ch "]
[Site "Puhajarve"]
[Date "2001.08.09"]
[Round "2"]
[White "Zjukin, Sergei"]
[Black "Lauk, Ular"]
[Result "1/2-1/2"]
[WhiteElo "2415"]
[BlackElo "2346"]
[PlyCount "30"]
[EventDate "2001.08.08"]

1. e4 e5 2. Nf3 Nf6 3. d4 Nxe4 4. Bd3 d5 5. Nxe5 Nd7 6. Qe2 Nxe5 7. Bxe4 dxe4
8. Qxe4 Be6 9. Qxe5 Qd7 10. Be3 O-O-O 11. Qa5 Kb8 12. Nc3 b6 13. Qb5 Qxb5 14.
Nxb5 a6 15. Nc3 Bb4 1/2-1/2

[Event "Estonian ch "]
[Site "Puhajarve"]
[Date "2001.08.10"]
[Round "3"]
[White "Kiik, Kalle"]
[Black "Zjukin, Sergei"]
[Result "1/2-1/2"]
[WhiteElo "2449"]
[BlackElo "2415"]
[PlyCount "23"]
[EventDate "2001.08.08"]

1. e4 e5 2. Nf3 Nc6 3. Nc3 Nf6 4. d4 exd4 5. Nxd4 Bb4 6. Nxc6 bxc6 7. Bd3 d5 8.
exd5 cxd5 9. O-O O-O 10. Bg5 c6 11. Qf3 Bd6 12. Rae1 1/2-1/2

[Event "Estonian ch "]
[Site "Puhajarve"]
[Date "2001.08.10"]
[Round "3"]
[White "Sepp, Olav"]
[Black "Kengis, Edvins"]
[Result "1/2-1/2"]
[WhiteElo "2442"]
[BlackElo "2572"]
[PlyCount "49"]
[EventDate "2001.08.08"]

1. Nf3 c5 2. e4 g6 3. d4 Bg7 4. dxc5 Qa5+ 5. c3 Qxc5 6. Na3 d6 7. Be3 Qa5 8.
Nc4 Qd8 9. Bd4 Nf6 10. e5 dxe5 11. Ncxe5 O-O 12. Bc4 Nc6 13. Nxc6 bxc6 14. O-O
c5 15. Be5 Qb6 16. Qb3 Bb7 17. Rfd1 Bxf3 18. gxf3 Qc6 19. Rd3 Nh5 20. Bg3 Nxg3
21. hxg3 e6 22. Rad1 Rab8 23. Qc2 Bf6 24. Kg2 Rfd8 25. Rxd8+ 1/2-1/2

[Event "Estonian ch "]
[Site "Puhajarve"]
[Date "2001.08.10"]
[Round "3"]
[White "Narva, Jaan"]
[Black "Kanep, Meelis"]
[Result "0-1"]
[WhiteElo "2313"]
[BlackElo "2318"]
[PlyCount "82"]
[EventDate "2001.08.08"]

1. Nf3 d5 2. d4 Nf6 3. c4 e6 4. Bg5 c6 5. e3 Qb6 6. Qc2 Ne4 7. c5 Qa5+ 8. Nbd2
b6 9. Bd3 Nxg5 10. Nxg5 h6 11. Ngf3 bxc5 12. O-O c4 13. Be2 Bd6 14. e4 O-O 15.
e5 Bb4 16. b3 cxb3 17. Nxb3 Qa4 18. a3 Be7 19. Rfc1 a5 20. Ne1 Ba6 21. Nd3 Bxd3
22. Qxd3 Nd7 23. f4 Rfb8 24. Rc3 c5 25. Nxc5 Nxc5 26. dxc5 Qxf4 27. c6 Qxe5 28.
Rac1 Bd6 29. g3 Bc7 30. Kg2 Rb2 31. R1c2 Rab8 32. Rxb2 Rxb2 33. Rc2 Rxc2 34.
Qxc2 f5 35. Bf3 g5 36. Kf1 g4 37. Bd1 Qd4 38. Qe2 Kf7 39. Bc2 Bb6 40. Ke1 Qa1+
41. Kd2 Qxa3 0-1

[Event "Estonian ch "]
[Site "Puhajarve"]
[Date "2001.08.10"]
[Round "3"]
[White "Seeman, Tarvo"]
[Black "Kulaots, Kaido"]
[Result "1-0"]
[WhiteElo "2440"]
[BlackElo "2529"]
[PlyCount "105"]
[EventDate "2001.08.08"]

1. g3 Nf6 2. Bg2 g6 3. Nf3 Bg7 4. O-O O-O 5. d4 d6 6. Nbd2 Nc6 7. e4 e5 8. dxe5
dxe5 9. c3 a5 10. a4 b6 11. Re1 Nd7 12. Bf1 Nc5 13. Qc2 f5 14. b4 fxe4 15. bxc5
exf3 16. cxb6 cxb6 17. Ba3 Re8 18. Ne4 Be6 19. Rad1 Qc7 20. Ng5 Kh8 21. Bd6 Qb7
22. Bb5 Bf5 23. Qb3 h6 24. Qd5 Rac8 25. Nf7+ Kh7 26. Nxe5 Bxe5 27. Bxe5 Rcd8
28. Bd6 Rxe1+ 29. Rxe1 Qd7 30. Bxc6 Qxd6 31. Qf7+ Kh8 32. Bxf3 Rf8 33. Re8 Rxe8
34. Qxe8+ Kg7 35. Qc6 Qxc6 36. Bxc6 Kf6 37. f4 Ke7 38. Kf2 Kd6 39. Bb5 Kc5 40.
Ke3 h5 41. Bd3 Kd5 42. h3 Kc5 43. g4 hxg4 44. hxg4 Bxg4 45. Bxg6 Bd7 46. Bc2
Kc4 (46... b5 47. axb5 Bxb5 48. f5 (48. Bb3 a4 49. Ba2 a3 50. Kd2) 48... Kd5
49. Kf4 Kc4 50. f6 Be8) 47. f5 Kxc3 48. f6 Be6 49. Bf5 Bf7 50. Ke4 Kc4 51. Ke5
Kb4 52. Be6 Be8 53. Bd7 1-0

[Event "Estonian ch "]
[Site "Puhajarve"]
[Date "2001.08.10"]
[Round "4"]
[White "Zjukin, Sergei"]
[Black "Sepp, Olav"]
[Result "1/2-1/2"]
[WhiteElo "2415"]
[BlackElo "2442"]
[PlyCount "86"]
[EventDate "2001.08.08"]

1. e4 e5 2. Nf3 Nc6 3. Bb5 Nf6 4. O-O Nxe4 5. d4 Nd6 6. Bxc6 dxc6 7. dxe5 Nf5
8. Qxd8+ Kxd8 9. Rd1+ Ke8 10. Nc3 Ne7 11. Nd4 Ng6 12. f4 Bg4 13. Rd3 Bc5 14.
Be3 Rd8 15. Rf1 Ne7 16. h3 Bxd4 17. hxg4 Bxe3+ 18. Rxe3 Nd5 19. Nxd5 Rxd5 20.
Kf2 Ke7 21. Rd3 f6 22. exf6+ Kxf6 23. g5+ Kf5 24. Rxd5+ cxd5 25. Kf3 Re8 26.
Rd1 c6 27. c4 Rd8 28. cxd5 cxd5 29. Re1 Rd7 30. g4+ Kg6 31. Re6+ Kf7 32. Re5
Rd6 33. Ke3 Rb6 34. b3 Rb5 35. Kd4 Rb4+ 36. Ke3 Rb5 37. Kf3 Rc5 38. Re3 a5 39.
a4 Rc1 40. Kf2 b6 41. f5 Rc2+ 42. Kf3 Rd2 43. Rc3 Rd4 1/2-1/2

[Event "Estonian ch "]
[Site "Puhajarve"]
[Date "2001.08.10"]
[Round "4"]
[White "Lauk, Ular"]
[Black "Kiik, Kalle"]
[Result "1/2-1/2"]
[WhiteElo "2346"]
[BlackElo "2449"]
[PlyCount "120"]
[EventDate "2001.08.08"]

1. e4 c6 2. d4 d5 3. Nc3 g6 4. Nf3 Bg7 5. h3 Nf6 6. Bd3 dxe4 7. Nxe4 Nxe4 8.
Bxe4 c5 9. Be3 Nd7 10. c4 Qa5+ 11. Qd2 Qxd2+ 12. Kxd2 cxd4 (12... f5 13. Bc2
O-O 14. dxc5 (14. Bg5) 14... Bxb2 15. Rab1 Ba3) 13. Bxd4 e5 14. Bc3 O-O 15.
Rad1 Nf6 16. Bc2 Be6 17. Nxe5 Bh6+ 18. Ke2 Rfe8 19. Kf3 Rec8 20. Ng4 Nxg4 21.
hxg4 Bg7 22. Bxg7 Kxg7 23. b3 b5 24. Be4 Rab8 25. cxb5 Rxb5 26. Kg3 a5 27. Rd4
Rg5 28. f3 Rc3 29. Kf2 Rgc5 30. Rhd1 h6 31. R4d3 Rc2+ 32. R3d2 R2c3 33. Kg3 Kf6
34. Bd5 a4 35. Bxe6 fxe6 36. bxa4 Ra3 37. Rd4 Rc2 38. R1d2 Rxd2 39. Rxd2 Rxa4
40. Kf2 Ra3 41. Ke1 Kg5 42. Kd1 Kf4 43. Re2 Ra6 44. Kc1 Kg3 45. Kb2 Rb6+ 46.
Kc3 Ra6 47. Kd4 h5 48. gxh5 gxh5 49. Kc5 Ra8 50. Kd6 h4 51. Ke5 Ra6 52. Rb2 h3
53. gxh3 Kxh3 54. f4 Kg4 55. Rb4 Rxa2 56. f5+ Kg5 57. fxe6 Ra5+ 58. Kd6 Ra6+
59. Ke7 Ra7+ 60. Kf8 Kf6 1/2-1/2

[Event "Estonian ch "]
[Site "Puhajarve"]
[Date "2001.08.11"]
[Round "5"]
[White "Sepp, Olav"]
[Black "Lauk, Ular"]
[Result "1-0"]
[WhiteElo "2442"]
[BlackElo "2346"]
[PlyCount "151"]
[EventDate "2001.08.08"]

1. Nf3 Nf6 2. g3 d6 3. Bg2 e5 4. O-O Be7 5. c4 c6 6. Nc3 Bg4 7. h3 Bh5 8. d3
O-O 9. b4 Nbd7 10. b5 Qc7 11. Rb1 Rfe8 12. g4 Bg6 13. Nh4 Nc5 14. Nxg6 hxg6 15.
Ba3 Nfd7 16. e3 Bf6 17. Ne4 Nxe4 18. Bxe4 Be7 19. bxc6 bxc6 20. Qa4 Rac8 (20...
d5 21. cxd5 Nb6 22. d6 Nxa4 23. dxc7 Bxa3 24. Bxc6) 21. Rfc1 Nb6 22. Qa6 Qd7
23. Bf3 d5 24. Bxe7 Qxe7 25. cxd5 cxd5 26. Rxc8 Rxc8 27. Bxd5 Rc3 (27... Rc2
28. Bb3 Rd2) 28. Bb3 Kh7 29. Rd1 f5 30. Qa5 Rc7 31. d4 exd4 32. exd4 Qh4 (32...
fxg4 33. hxg4 Qh4 34. Be6 Rc2 35. Qe1) 33. Kg2 fxg4 34. Rd3 g3 (34... Rc1 35.
Qe5 (35. Be6 g3)) 35. Rxg3 Qxd4 36. Qg5 Qe4+ 37. Kh2 Qf5 38. Qh4+ Qh5 39. Qd8
Rc8 40. Qe7 Qc5 41. Qf7 Qf5 42. Rg4 Kh6 43. Rh4+ Kg5 44. Qe7+ Qf6 45. Rg4+ (45.
Qe2 Qd6+ 46. f4+ Kf6 47. Qb2+ Kf5 48. Rg4 g5 49. Rxg5+ Kxf4 50. Qg2 Rc3 51. Rg3
) 45... Kh6 46. Rh4+ Kg5 47. Rg4+ Kh6 48. Qe3+ Kh7 49. Qg3 (49. Rf4 Qd8 50. Qe4
) 49... Rc5 50. Rf4 Rf5 51. Qh4+ Qxh4 52. Rxh4+ Rh5 53. Rd4 Kh6 54. Kg3 Rg5+
55. Kf3 Rf5+ 56. Ke3 Rf6 57. Re4 Rd6 58. Re5 g5 59. Re6+ Rxe6+ 60. Bxe6 Kg6 61.
Kd4 Kf6 62. Bg4 Ke7 63. Kc5 Na4+ 64. Kc6 Nc3 65. a3 a5 (65... Kf6 66. Kb7 Ke5
67. Ka6 Kd6) 66. Kb6 a4 (66... Kd6 67. Kxa5 Kc5 68. Bf3 Nb5 69. a4 Nc3 70. Bg2
Nd1 71. Ka6 Nxf2 72. a5 g4 73. Kb7 gxh3 74. Bxh3 Ne4 75. a6 Nd6+ 76. Kb8 Nc4
77. a7 Nb6 78. Kb7) 67. Ka5 Kd6 68. Kb4 Ne4 69. f3 Nc5 70. Bf5 Kd5 71. Bc2 Kd4
72. Bxa4 Nd3+ 73. Kb5 Kc3 74. Bd1 Nb2 75. Be2 Kb3 76. a4 (76. Kc5 Kxa3 77. Kd5
Kb3 78. Ke5 Kc3 79. Kf5 Kd4 80. Ba6 Ke3 81. Bb7 Nd3 82. Kxg5 Ne5 83. f4 Nf7+
84. Kg6 Nd6 85. f5 Kf4) 1-0

[Event "Estonian ch "]
[Site "Puhajarve"]
[Date "2001.08.11"]
[Round "5"]
[White "Narva, Jaan"]
[Black "Kengis, Edvins"]
[Result "0-1"]
[WhiteElo "2313"]
[BlackElo "2572"]
[PlyCount "146"]
[EventDate "2001.08.08"]

1. d4 e6 2. c4 b6 3. a3 g6 4. e4 Bg7 5. Nc3 Ne7 6. Nf3 O-O 7. Bg5 h6 8. Be3 f5
9. Bd3 Bb7 10. d5 Na6 11. exf5 Nxf5 12. Bxf5 Rxf5 13. Nd4 Re5 14. Nf3 Rf5 15.
Nd4 Rf8 16. Qg4 exd5 17. cxd5 Qe8 18. O-O Qf7 19. Rad1 Rae8 20. Ndb5 d6 21. Qc4
Nc5 22. Nxa7 Ba6 23. Ncb5 Qd7 24. Bxc5 bxc5 25. b3 Kh7 26. a4 Bb7 27. Qd3 Re5
28. Nc3 Qf7 29. Nab5 Rfe8 30. h3 h5 31. Kh1 R8e7 32. Qd2 Bh6 33. Qd3 Qf4 34.
Qc4 Qf6 35. Qd3 Qf7 36. Qc4 Rf5 37. Kg1 Rf4 38. Qd3 Bg7 39. Qc2 Be5 40. Rfe1
Kg7 41. Re2 h4 42. Rd3 Qf5 43. Rde3 Qxc2 44. Rxc2 Rb4 45. Na2 Rf4 46. Nac3 Ref7
47. Kf1 Bd4 48. Ree2 Bxc3 49. Nxc3 Rb4 50. Re4 Rxe4 51. Nxe4 Bxd5 52. Nd2 Kf6
53. Nc4 Rf8 54. Rc3 Rb8 55. Nd2 Ke6 56. g3 Rb4 57. Ke2 Kd7 58. Ke3 g5 59. Nc4
Bxc4 60. bxc4 Rxa4 61. gxh4 gxh4 62. Kf3 Ke6 63. Kg4 d5 64. Re3+ Kf6 65. Rf3+
Kg6 66. Rf5 Rxc4+ 67. f4 Rd4 68. Rg5+ Kf6 69. Rf5+ Ke6 70. Re5+ Kd6 71. Re1 c4
72. Kg5 c3 73. f5 c2 0-1

[Event "Estonian ch "]
[Site "Puhajarve"]
[Date "2001.08.11"]
[Round "5"]
[White "Kulaots, Kaido"]
[Black "Kanep, Meelis"]
[Result "1-0"]
[WhiteElo "2529"]
[BlackElo "2318"]
[PlyCount "71"]
[EventDate "2001.08.08"]

1. e4 c5 2. Nf3 d6 3. d4 cxd4 4. Nxd4 Nf6 5. Nc3 a6 6. Be3 e6 7. Be2 Be7 8. O-O
Nc6 9. a4 O-O 10. f4 Qc7 11. Kh1 Bd7 12. Nb3 Na5 13. e5 Ne8 14. Nxa5 Qxa5 15.
Ne4 Qc7 16. Bd4 f6 17. exd6 Nxd6 18. Nc5 Bc8 19. Bg1 Rd8 20. Bd3 b6 21. Nb3 Nc4
22. Rb1 e5 23. Qe2 Be6 24. Nd4 Bd5 25. Nf5 Bf8 26. b3 Na3 27. Rbc1 exf4 28. Qg4
g6 29. Bd4 f3 30. gxf3 Qc6 31. Bb2 Ra7 32. Ne3 Bf7 33. Qf4 Qd6 34. Qxd6 Bxd6
35. Ng4 Bd5 36. Nxf6+ 1-0

[Event "Estonian ch "]
[Site "Puhajarve"]
[Date "2001.08.12"]
[Round "6"]
[White "Kengis, Edvins"]
[Black "Seeman, Tarvo"]
[Result "1-0"]
[WhiteElo "2572"]
[BlackElo "2440"]
[PlyCount "67"]
[EventDate "2001.08.08"]

1. Nf3 Nf6 2. c4 g6 3. g3 Bg7 4. Bg2 O-O 5. d4 d6 6. O-O Nbd7 7. Nc3 e5 8. e4
c6 9. Rb1 Re8 10. h3 exd4 11. Nxd4 Nc5 12. Re1 a5 13. Bf4 a4 14. Qd2 Nh5 15.
Be3 Nf6 16. Qc2 Nfd7 17. b4 axb3 18. axb3 Ne5 19. Red1 Qe7 20. f4 Ned7 21. Bf2
h5 22. b4 Ne6 23. Nxe6 Qxe6 24. Ne2 Qe7 (24... Nf8 25. Rd2) (24... Nf6 25. Nd4
Qe7 26. Re1 Nd7 (26... h4 27. g4 Nd7) (26... Nh7 27. c5 dxc5 28. bxc5 Nf8)) 25.
Qd2 Nf6 26. Nc3 Ra3 (26... Be6 27. Qxd6 Qxd6 28. Rxd6 Ra3 29. Be1 Bxc4 30. e5
Nh7 31. b5) 27. c5 dxc5 (27... Rxc3 28. cxd6 Nxe4 29. Bxe4 Qxe4 30. Re1 Qxb1
31. Rxb1 Bxh3 32. Re1 Be6 33. d7) 28. Bxc5 Qc7 29. e5 Nd7 30. Bf2 Nb6 31. Qc1
Ra6 32. b5 cxb5 33. Nxb5 Qxc1 34. Rbxc1 1-0

[Event "Estonian ch "]
[Site "Puhajarve"]
[Date "2001.08.12"]
[Round "6"]
[White "Zjukin, Sergei"]
[Black "Narva, Jaan"]
[Result "0-1"]
[WhiteElo "2415"]
[BlackElo "2313"]
[PlyCount "110"]
[EventDate "2001.08.08"]

1. e4 Nf6 2. e5 Nd5 3. d4 d6 4. Nf3 c6 5. h3 dxe5 6. Nxe5 Nd7 7. Nf3 g6 8. Bc4
Bg7 9. O-O O-O 10. Re1 a5 11. a4 N7f6 12. c3 Qc7 13. Na3 Bf5 14. Bf1 Rfe8 15.
g3 Rad8 16. Nc4 h6 17. Nce5 g5 18. h4 gxh4 19. Nxh4 Bh7 20. Bd3 e6 21. Bxh7+
Nxh7 22. Ng4 Ng5 23. Nf3 f6 24. Kg2 Kf7 25. Rh1 Rh8 26. Qd3 Ne7 27. Bxg5 hxg5
28. Nge5+ Kg8 29. Rxh8+ Bxh8 30. Rh1 Nf5 31. Nc4 Bg7 32. Qe4 Kf7 33. Ne3 Qd7
34. Nxf5 exf5 35. Qd3 Qd5 36. Kg1 Re8 37. c4 Qe4 38. Qxe4 fxe4 39. Nd2 f5 40.
Nb3 Rd8 41. Nxa5 Rxd4 42. Nxb7 Rd2 43. b4 Bd4 44. Nd8+ Kg6 45. Nxc6 Bxf2+ 46.
Kg2 f4 47. gxf4 gxf4 48. a5 Kg5 49. Kh3 f3 50. Ne5 Kf5 51. Ng4 Kf4 52. Nxf2
Rxf2 53. Ra1 Rg2 54. a6 Rg8 55. Kh2 e3 0-1

[Event "Estonian ch "]
[Site "Puhajarve"]
[Date "2001.08.12"]
[Round "6"]
[White "Lauk, Ular"]
[Black "Kveinys, Aloyzas"]
[Result "1/2-1/2"]
[WhiteElo "2346"]
[BlackElo "2535"]
[PlyCount "72"]
[EventDate "2001.08.08"]

1. e4 c5 2. Nf3 e6 3. d4 cxd4 4. Nxd4 a6 5. Nc3 b5 6. Bd3 Qb6 7. Be3 Bc5 8. Be2
Nc6 9. Nxc6 dxc6 10. Bxc5 Qxc5 11. Qd3 Nf6 12. O-O-O O-O 13. f4 e5 14. f5 a5
15. Bf3 Ba6 16. Rhe1 Ra7 17. Qd6 Qxd6 18. Rxd6 Rc8 19. g4 Rd7 20. Red1 Rxd6 21.
Rxd6 Kf8 22. a3 Ke7 23. Rd1 h6 24. Kd2 b4 25. axb4 axb4 26. Na4 Rd8+ 27. Ke3
Rxd1 28. Bxd1 Kd6 29. b3 Bb5 30. Nb2 g5 31. Bf3 c5 32. Bd1 Kc6 33. Bf3 Kc7 34.
Bd1 Kc6 35. Bf3 Kc7 36. Bd1 Kc6 1/2-1/2

[Event "Estonian ch "]
[Site "Puhajarve"]
[Date "2001.08.12"]
[Round "6"]
[White "Kiik, Kalle"]
[Black "Sepp, Olav"]
[Result "1/2-1/2"]
[WhiteElo "2449"]
[BlackElo "2442"]
[PlyCount "81"]
[EventDate "2001.08.08"]

1. c4 g6 2. Nc3 Bg7 3. g3 c5 4. Bg2 Nc6 5. a3 e6 6. Rb1 a5 7. d3 d6 8. e3 Nge7
9. Nge2 O-O 10. O-O d5 11. b3 b6 12. Bb2 Rb8 13. Na4 e5 14. cxd5 Nxd5 15. d4
cxd4 16. exd4 Bb7 17. Rc1 Re8 18. dxe5 Nxe5 19. Rc2 Ne7 20. Rd2 Qc7 21. Bxe5
Qxe5 22. Bxb7 Rxb7 23. Nf4 Nf5 24. Qf3 Rbb8 25. Rfd1 b5 26. Rd5 Qe7 27. Nc5 Nd4
28. Qd3 Rbd8 29. b4 axb4 30. axb4 Rxd5 31. Nxd5 Qe5 32. Ne3 h5 33. Kg2 Qd6 34.
Kg1 Qc6 35. h4 Nf3+ 36. Kf1 Nd4 37. Kg1 Kh7 38. Nb3 Rd8 39. Nxd4 Rxd4 40. Qb3
Qf3 41. Rxd4 1/2-1/2

[Event "Estonian ch "]
[Site "Puhajarve"]
[Date "2001.08.13"]
[Round "7"]
[White "Kveinys, Aloyzas"]
[Black "Kiik, Kalle"]
[Result "1-0"]
[WhiteElo "2535"]
[BlackElo "2449"]
[PlyCount "69"]
[EventDate "2001.08.08"]

1. Nf3 g6 2. d4 Bg7 3. e4 d6 4. Bc4 c6 5. Qe2 d5 6. Bb3 Nf6 7. e5 Nfd7 8. O-O
O-O 9. Bf4 Nb6 10. Nbd2 Na6 11. Qe3 Nc7 12. Bh6 Bg4 13. Bxg7 Kxg7 14. Ng5 Ne6
15. h3 Nxg5 16. hxg4 f6 17. f4 Nf7 18. c3 Qc8 19. Qg3 c5 20. Nf3 cxd4 21. exf6+
exf6 22. Nxd4 Qd7 23. g5 f5 24. a4 Qd6 25. a5 Nc4 26. Qf2 Kg8 27. Rfd1 Rfc8 28.
Bxc4 Rxc4 29. Re1 Qc5 30. Qe3 Rc8 31. Re2 a6 32. Rae1 Qf8 33. Qf3 Qc5 34. Re8+
Kg7 35. Qf2 1-0

[Event "Estonian ch "]
[Site "Puhajarve"]
[Date "2001.08.13"]
[Round "7"]
[White "Seeman, Tarvo"]
[Black "Zjukin, Sergei"]
[Result "0-1"]
[WhiteElo "2440"]
[BlackElo "2415"]
[PlyCount "50"]
[EventDate "2001.08.08"]

1. Nf3 f5 2. e4 fxe4 3. Ng5 d5 4. d3 Qd6 5. Nc3 h6 6. Nb5 Qc6 7. dxe4 hxg5 8.
exd5 Qd7 9. Bd3 a6 10. Nc3 e5 11. Bxg5 Be7 12. Bg6+ Kd8 13. Qf3 Nh6 14. Ne4 Qg4
15. Qe3 Bf5 16. f3 Bxg5 17. Nxg5 Qh4+ 18. g3 Qb4+ 19. c3 Qxb2 20. O-O Bxg6 21.
Rf2 Qxa1+ 22. Kg2 Nd7 23. Ne6+ Kc8 24. c4 Nf5 25. Qg5 Qe1 0-1

[Event "Estonian ch "]
[Site "Puhajarve"]
[Date "2001.08.13"]
[Round "7"]
[White "Kulaots, Kaido"]
[Black "Kengis, Edvins"]
[Result "1/2-1/2"]
[WhiteElo "2529"]
[BlackElo "2572"]
[PlyCount "23"]
[EventDate "2001.08.08"]

1. d4 Nf6 2. c4 e6 3. Nf3 b6 4. g3 Ba6 5. b3 Bb4+ 6. Bd2 Bxd2+ 7. Qxd2 c5 8.
Nc3 cxd4 9. Qxd4 Nc6 10. Qd2 d5 11. cxd5 exd5 12. Nd4 1/2-1/2

[Event "Estonian ch "]
[Site "Puhajarve"]
[Date "2001.08.13"]
[Round "8"]
[White "Zjukin, Sergei"]
[Black "Kulaots, Kaido"]
[Result "1/2-1/2"]
[WhiteElo "2415"]
[BlackElo "2529"]
[PlyCount "58"]
[EventDate "2001.08.08"]

1. e4 c5 2. Nf3 d6 3. d4 cxd4 4. Nxd4 Nf6 5. Nc3 a6 6. Bg5 e6 7. f4 Qc7 8. Qf3
b5 9. Bxf6 gxf6 10. e5 d5 11. exf6 Nd7 12. O-O-O Nxf6 13. f5 e5 14. Nxd5 Nxd5
15. Qxd5 Bb7 16. Bxb5+ axb5 17. Nxb5 Qe7 18. Nd6+ Qxd6 19. Qxb7 Bh6+ 20. Kb1
Qa6 21. Qd7+ Kf8 22. a3 Kg7 23. Rd6 Qe2 24. Qe7 Rhc8 25. Qf6+ Kg8 26. Qxh6
Qxc2+ 27. Ka1 Rxa3+ 28. bxa3 Qc3+ 29. Ka2 Qc2+ 1/2-1/2

[Event "Estonian ch "]
[Site "Puhajarve"]
[Date "2001.08.13"]
[Round "8"]
[White "Kiik, Kalle"]
[Black "Narva, Jaan"]
[Result "1-0"]
[WhiteElo "2449"]
[BlackElo "2313"]
[PlyCount "103"]
[EventDate "2001.08.08"]

1. e4 Nf6 2. e5 Nd5 3. d4 d6 4. c4 Nb6 5. exd6 exd6 6. Nf3 Be7 7. Be2 Nc6 8.
Be3 O-O 9. Nc3 Bg4 10. b3 d5 11. c5 Nc8 12. h3 Bh5 13. O-O Bg6 14. a3 Re8 15.
b4 Bf8 16. Qa4 N8e7 17. b5 Nb8 18. Qb3 f6 19. Nh4 Bf7 20. Qc2 Nd7 21. a4 g6 22.
a5 Bg7 23. Rad1 b6 24. Nf3 Nf5 25. Bc1 Bh6 26. Bd3 Bxc1 27. Qxc1 Ne7 28. Na2
bxc5 29. dxc5 Ne5 30. Nd4 Qd7 31. Qf4 Kg7 32. Nc3 Rad8 33. Bb1 Qc8 34. Qg3 a6
35. Rfe1 axb5 36. Ncxb5 N7c6 37. Qc3 Qd7 38. Bc2 Nc4 39. a6 Rxe1+ 40. Rxe1 Ra8
41. Ra1 Nxd4 42. Nxd4 Qc8 43. a7 Qb7 44. h4 Rxa7 45. Rb1 Qc8 46. Qg3 Ra3 47.
Qf4 Ne5 48. h5 Be8 49. f3 g5 50. Nf5+ Kf8 51. Qb4 Ra6 52. c6+ 1-0

[Event "Estonian ch "]
[Site "Puhajarve"]
[Date "2001.08.13"]
[Round "8"]
[White "Sepp, Olav"]
[Black "Kveinys, Aloyzas"]
[Result "1/2-1/2"]
[WhiteElo "2442"]
[BlackElo "2535"]
[PlyCount "20"]
[EventDate "2001.08.08"]

1. e4 c5 2. Nf3 e6 3. d4 cxd4 4. Nxd4 a6 5. Nc3 b5 6. Bd3 Qb6 7. Be3 Bc5 8. Be2
Nc6 9. Nxc6 dxc6 10. Bxc5 Qxc5 1/2-1/2